| 000 | 00453nam a2200157 i 4500 | ||
|---|---|---|---|
| 001 | 94014 | ||
| 003 | ES-MaACL | ||
| 005 | 20230906181349.0 | ||
| 007 | t| | ||
| 008 | 050427s1964 sp ||||1| spa d | ||
| 100 | 1 |
_aLópez Sendon, José Luis. _973980 |
|
| 245 | 1 | 0 |
_aPleuresías colesterinicas / _cDr. José Luis López Sendon. |
| 260 |
_aMadrid : _bGráf. Ibarra, _c1964. |
||
| 300 |
_a83 p. : _bil. ; _c25 cm. |
||
| 852 |
_aES-MaACL _jC-25338 _bR.54237 |
||
| 999 |
_c94014 _d94014 |
||